| 000 | 00391nam a2200145Ia 4500 | ||
|---|---|---|---|
| 008 | 231129s1975||||xx |||||||||||||| ||spa|| | ||
| 020 | _a84-226-0633-X | ||
| 040 | _bspa | ||
| 082 | _a813 H885u | ||
| 100 | _aHudson Jeffery | ||
| 245 | 0 | _aUn caso de urgencia | |
| 260 | _c1975 | ||
| 264 | _aBarcelona EspaƱa: Circulo de Lectores | ||
| 942 |
_2ddc _cBKS |
||
| 999 |
_c25807 _d25807 |
||